[Event "Gashimov Memorial 4th"]
[Site "Shamkir"]
[Date "2017.04.29"]
[Round "8"]
[White "Karjakin, Sergey"]
[Black "Eljanov, Pavel"]
[Result "1-0"]
[WhiteElo "2783"]
[BlackElo "2751"]
[Annotator "Yermolinsky,A"]
[PlyCount "115"]
[EventDate "2017.04.21"]
[EventType "tourn"]
[EventRounds "9"]
[EventCountry "AZE"]
[EventCategory "21"]
[SourceTitle "CBM 178"]
[Source "ChessBase"]
[SourceDate "2017.05.14"]
[SourceVersion "1"]
[SourceVersionDate "2017.05.14"]
[SourceQuality "1"]

1. e4 e5 2. Nf3 Nc6 3. Bb5 Nf6 4. O-O Nxe4 5. Re1 {Anything but the Berlin!}
Nd6 6. Nxe5 Be7 7. Bf1 Nxe5 (7... Nf5 8. Nf3 {is another popular line.}) 8.
Rxe5 O-O 9. d4 Ne8 ({More common today is} 9... Bf6 10. Re1 Re8 {which
Karjakin himself played three times as Black, including Game 12 of the World
Championship match with Carlsen.}) 10. d5 {Of course, it's all about this push.
White has to try to get something.} Bc5 $1 11. Re1 d6 12. Nc3 Bf5 13. Bd3 Qh4 {
Eljanov seeks new ways.} ({Once again, a Karjakin-Carlsen game pops up, this
time from Tal Memorial, 2013. Magnus chose} 13... Bxd3 14. Qxd3 Nf6 15. Na4 Re8
16. Bd2 Rxe1+ 17. Rxe1 Qd7 18. Nxc5 dxc5 {stood slightly worse, but defended
with particular difficulty.}) 14. g3 ({It's interesting how White maintains a
little pull, even as pieces get vacuumed off, e.g} 14. Be3 Bxe3 15. Rxe3 Bxd3
16. Qxd3 Nf6 17. Ne4 $1 {The problem for Black is the eventual Qd3-b5.}) 14...
Qh3 15. Ne4 Bxe4 16. Rxe4 {Just as Karjakin obtained the bishop pair, and was
thinking long-term, there came the unexpected tactical twist.} Bxf2+ $1 17.
Kxf2 Qxh2+ 18. Kf3 Qh5+ 19. g4 Qh3+ 20. Ke2 Qg2+ 21. Ke1 Nf6 {Barring blunders
White doesn't really risk losing, but escaping the perpetual check is tough.}
22. Qe2 (22. Re2 Qg3+ 23. Kd2 Qf4+ 24. Ke1 ({no return from} 24. Kc3 $4 Nxd5+
25. Kb3 Qb4#) 24... Qg3+ 25. Kd2 (25. Kf1 Nxg4 {and it's already Black who
wants the game to continue.})) 22... Qg3+ $6 {The first inaccuracy by Black.} (
{A draw was well within his reach after} 22... Qh1+ 23. Qf1 ({or} 23. Kd2 Rae8
24. Rxe8 Rxe8 25. Qf1 Ne4+ 26. Kd1 Nf2+ 27. Kd2 $11) 23... Qh4+ 24. Qf2 (24.
Kd1 $2 {is a bad idea, and not only because it loses the g-pawn.} Nxe4 25. Bxe4
{Things would turn catastrophic for White after} f5 $1 26. Bxf5 Rae8 {e.g.} 27.
Bf4 g6 28. Be6+ Rxe6 29. dxe6 Qxg4+ 30. Qe2 Qxf4 31. e7 Re8 $19) 24... Qh1+ 25.
Qf1 $11) 23. Qf2 Nxe4 24. Qxg3 Nxg3 25. Kf2 {Just like that the knight is
trapped.} Rfe8 $2 {Leaving White with even one kingside pawn is dangerous, as
the continution of the game demonstrates.} ({Pavel had to seize his chance and
play} 25... f5 26. Kxg3 fxg4 27. Kxg4 Rae8 {The presence of two black rooks
makes the white king feel a bit worried, as seen from a sample line,} 28. Bf4
h6 29. Bf5 $6 g5 $1 30. Bg3 Re3) 26. Kxg3 Re5 27. Bc4 $1 {Karjakin is very
accurate.} (27. c4 {would leave Bd3 without support, which could be
troublesome:} Rae8 28. Kf2 {forced because of the ...Re3 threat.} Re1 29. b3 h5
$1 30. gxh5 Rh1 {The rooks are raging.}) 27... Re1 28. b3 f6 29. Bb2 Rxa1 30.
Bxa1 Kf7 31. Bd4 $14 {Objectively it has to be a draw, but in practice Black
just cannot relax.} a6 ({First question is, how to position the queenside
pawns.} 31... a5 32. a4 b6 {only seems safe at first glance. In reality, White
can further improve his position.} 33. Bb5 Ke7 34. Kh4 g6 (34... Rh8 35. Kh5 $1
{His majesty himself is doing a fine job paralysing Black's pawns.}) 35. c3 Rh8
36. b4 axb4 37. cxb4 {and here Black has to realise he can no longer just sit
on his position and, instead, must seek counterplay starting with} h5 $1) 32.
a4 Rh8 33. Be2 Re8 34. Kf2 Ke7 35. a5 {Now White has the eventual possibility
of c4-c5.} Rf8 36. Kg3 Kd7 37. b4 Re8 38. Bd3 Ke7 $6 {Giving up a pawn is not
going to help.} ({The right plan was} 38... Rh8 39. g5 fxg5 40. Bxg7 Rg8 41.
Bh6 {and then} c6 $1 {attacking the centre and trying to reduce the number of
pawns while White is busy mopping up the kingside.} 42. Bxh7 (42. dxc6+ Kxc6
43. Kg4 d5) 42... Rh8 43. Bf5+ Kc7 44. Bxg5 cxd5 45. Bd3 $16 {is still very
pleasant for White, but maybe there's a chance to hold.}) ({Of course, not} 
38... h6 $2 39. Kh4 {and the king is through.}) 39. Bxh7 $16 Kd8 40. g5 fxg5
41. Bxg7 Re3+ 42. Kg4 Ra3 43. Bd4 c5 $6 {Self-destruct.} ({Perhaps Pavel
didn't believe he could hold a fortress, but I suspect fatigue played a large
part. Like it or not, Black had to stay put.} 43... Kc8 44. Kxg5 Ra4 45. c3 Ra1
46. Kf6 Rf1+ 47. Bf5+ Kb8 48. Kg6 Rf3 49. Bf6 Rf1 50. Be6 Rg1+ 51. Kf7 Rf1 52.
Ke7 Rh1 53. Kd7 (53. c4 $2 {is one way for White to go wrong:} Rc1 54. b5 Rxc4
55. b6 c6 $1 {with the d5-pawn gone Black can even sac his rook for any of the
bishops and still make a draw!}) 53... Rc1 {and here there's an elegant
solution that involves a piece sac:} 54. Bf5 $1 Rf1 55. Bd8 Rxf5 56. Bxc7+ Ka8
57. Kxd6 Rh5 58. Ke6 Rh6+ 59. Kd7 Rh7+ 60. Kc8 Rh8+ 61. Bd8 {With the black
king totally out of commission, the d-pawn will win the game for White.}) 44.
dxc6 bxc6 45. Bb6+ Kc8 46. Be4 Ra4 47. c3 c5 $2 {Continuing in the same <I
just want to go home> fashion..} ({Still,} 47... d5 {would make White sweat it
out:} 48. Bf5+ Kb7 49. Kxg5 Ra1 50. Kf6 Rf1 51. Ke6 Rh1 52. Ke7 Rh5 53. Bd7
Rh7+ 54. Kd8 Rh8+ 55. Be8 Rg8 (55... Rh3 56. Bd4 Rh7 57. Bd7 Rh4 58. Bc8+ Kb8
59. Be5+ Ka7 60. Kc7) 56. Kd7 Rh8 57. Bd4 Rh6 (57... Rf8 58. Ke7 Rg8 59. Be5
Rg1 60. Kd6 {wins the c6-pawn.}) 58. Kd8 Rh7 59. Bd7 {finally getting to play
Bc8+}) 48. Bc2 Ra3 49. bxc5 dxc5 50. c4 Ra2 51. Bf5+ Kb7 52. Be4+ Kc8 53. Bc6
Rc2 54. Bd5 Ra2 55. Kxg5 Kd7 56. Bb7 Rb2 57. Bxa6 Kc6 58. Kf6 1-0